000
00324nam a2200121Ia 4500
008
220204s9999 xx 000 0 und d
082
_a
NR:33(100)
_b
SMI;1
100
_a
Smit, Hidde Pieter
245
0
_a
World rubber economy to the year 2000
260
_b
Offetdrukkerjt
_c
1982
650
_a
World rubber economy
942
_c
BK
999
_c
37989
_d
37989